Los Talaveras: novela histórica. 1814-1817
Zapisane w:
| 1. autor: | |
|---|---|
| Format: | Książka |
| Język: | hiszpański |
| Wydane: |
Valparaíso
Imprenta y Litografía Excelsior, de R. Abrines y Ca
1895
|
| Wydanie: | 4a. ed |
| Hasła przedmiotowe: | |
| Etykiety: |
Dodaj etykietę
Nie ma etykietki, Dołącz pierwszą etykiete!
|
MARC
| LEADER | 00000nam a2200000 a 4500 | ||
|---|---|---|---|
| 001 | UCJ4853 | ||
| 003 | CL-VaPUC | ||
| 008 | 070124e18950000CL |||||||||||||||||spa|d | ||
| 082 | 0 | 4 | |a Ch863 |b BRI |2 21 |
| 100 | |a Brieba, Liborio |e author |9 420139 | ||
| 245 | 1 | 4 | |a Los Talaveras: novela histórica. 1814-1817 |
| 250 | |a 4a. ed | ||
| 300 | |a 520 p | ||
| 942 | |c BK | ||
| 945 | |d 20070124 00:00:00 |a rinostro | ||
| 260 | |a Valparaíso |b Imprenta y Litografía Excelsior, de R. Abrines y Ca |c 1895 | ||
| 500 | |a Novela ambientada en el Chile posterior al Desastre de Rancagua, en 1814 | ||
| 600 | 0 | 7 | |a OSORIO, MARIANO |2 CL-VaPUC |9 505208 |
| 600 | 0 | 7 | |a SAN BRUNO, VICENTE |2 CL-VaPUC |9 505366 |
| 650 | 7 | |a NOVELA HISTORICA |2 CL-VaPUC |9 315497 | |
| 650 | 7 | |a RECONQUISTA ESPAÑOLA |2 CL-VaPUC |9 504578 | |
| 650 | 0 | |a Guerra de la independencia |9 331979 | |
| 650 | 0 | |a Historia de Chile |9 265473 | |
| 583 | |a last modification |c 20070124 00:00:00 |k Rodrigo Vera | ||
| 999 | |c 320968 |d 320966 | ||
| 952 | |0 0 |1 0 |4 0 |6 CH_863_000000000000000_BRI_1895 |7 0 |8 X |9 399616 |a FDOBUD |b FDOBUD |d 2019-11-22 |i 1027026 |o Ch863 BRI 1895 |p 1027026 |r 2019-11-22 |w 2019-11-22 |y BK_X |k BUD | ||